Splash pad sabotage / by Franklin W. Dixon ; ... Read More
Available copies
- 1 of 1 copy available at LARL/NWRL Consortium. (Show)
- 1 of 1 copy available at Northwest Regional Library.
Current holds
0 current holds with 1 total copy.
Show Only Available Copies
| Location | Call Number / Copy Notes | Barcode | Shelving Location | Status | Due Date |
|---|---|---|---|---|---|
| Karlstad LINK Site | j DIX (Text) | 35500006796989 | Main | Available | - |
Record details
- ISBN: 9781665940825
- ISBN: 1665940824
- ISBN: 9781665940832
- ISBN: 1665940832
- Physical Description: 89 pages : illustrations ; 22 cm
- Edition: First Aladdin paperback edition.
- Publisher: New York : Aladdin, 2024.
- Copyright: ©2024
Content descriptions
| Summary, etc.: | "Frank and Joe are looking for ways to beat the ... Read More |
| Target Audience Note: | 6-9 years. Grades 1-4. |
Search for related items by subject
| Subject: | Hardy Boys (Fictitious characters) > Juvenile fiction. Swimming pools > Juvenile fiction. Brothers > Juvenile fiction. |
| Genre: | Detective and mystery fiction. |
Search for related items by series
| LDR | 02230cam a2200457 i 4500 | ||
|---|---|---|---|
| 001 | 441424 | ||
| 003 | LARL_NWRL_CONSORTIUM | ||
| 005 | 20240712123309.0 | ||
| 008 | 231021t20242024nyua b 000 1 eng d | ||
| 040 | . | ‡aYDX ‡beng ‡cYDX ‡dBDX ‡dGZD ‡dOCLCO ‡dHBP ‡dOCLCO ‡dNYP | |
| 020 | . | ‡a9781665940825 ‡q(paperback) | |
| 020 | . | ‡a1665940824 ‡q(paperback) | |
| 020 | . | ‡a9781665940832 ‡q(hardcover) | |
| 020 | . | ‡a1665940832 ‡q(hardcover) | |
| 035 | . | ‡a(OCoLC)1405188309 | |
| 100 | 1 | . | ‡aDixon, Franklin W., ‡eauthor. ‡1https://id.oclc.org/worldcat/entity/E39PCjwxFwYKQ8kwMjDd7KwY8y ‡0(LARL_NWRL_CONSORTIUM)4461 |
| 245 | 1 | 0. | ‡aSplash pad sabotage / ‡cby Franklin W. Dixon ; illustrated by Santy Gutiérrez. |
| 250 | . | ‡aFirst Aladdin paperback edition. | |
| 264 | 1. | ‡aNew York : ‡bAladdin, ‡c2024. | |
| 264 | 4. | ‡c©2024 | |
| 300 | . | ‡a89 pages : ‡billustrations ; ‡c22 cm | |
| 336 | . | ‡atext ‡btxt ‡2rdacontent | |
| 336 | . | ‡astill image ‡bsti ‡2rdacontent | |
| 337 | . | ‡aunmediated ‡bn ‡2rdamedia | |
| 338 | . | ‡avolume ‡bnc ‡2rdacarrier | |
| 490 | 0 | . | ‡aHardy Boys clue book ; ‡v17 |
| 520 | . | ‡a"Frank and Joe are looking for ways to beat the heat on their summer vacation, so they're super excited about the opening of Bayport's new Splash and Dash Pad. But on their second visit, they find that the fountains are overrun with bubbles! The park director announces that the pad will stay closed until he finds the culprit who poured soap down the drains, so the boys pull out their clue book to search for the Bayport Bubbler."-- ‡cProvided by publisher. | |
| 521 | 1 | . | ‡a6-9 years. |
| 521 | 2 | . | ‡aGrades 1-4. |
| 650 | 0. | ‡aHardy Boys (Fictitious characters) ‡vJuvenile fiction. | |
| 650 | 0. | ‡aSwimming pools ‡vJuvenile fiction. | |
| 650 | 0. | ‡aBrothers ‡vJuvenile fiction. ‡0(LARL_NWRL_CONSORTIUM)170953 | |
| 655 | 7. | ‡aDetective and mystery fiction. ‡2lcgft | |
| 700 | 1 | . | ‡aGutiérrez, Santy, ‡d1971- ‡eillustrator. |
| 901 | . | ‡a441424 ‡bAUTOGEN ‡c441424 ‡tbiblio | |

Add to basket
Permalink
Disable Highlighting